| 000 | 00434pab a2200145 454500 | ||
|---|---|---|---|
| 008 | 180718b1987 xxu||||| |||| 00| 0 eng d | ||
| 100 | _aTang, John C.S. | ||
| 245 |
_aProject appraisal for developing countries _bA systematic approach |
||
| 260 | _c1987 | ||
| 300 | _a377-87 | ||
| 650 | _aProject Management - Under Developed Areas | ||
| 700 | _aYangong Phataralaoha | ||
| 773 | _aSocio - Economic Planning Sciences | ||
| 909 | _a16263 | ||
| 999 |
_c16263 _d16263 |
||